01476 2200217 4500001002100000005001500021035002000036008003900056020001500095041000800110082001000118084001600128100001900144245019500163260004400358300003800402520062000440650008601060650008701146990002501233INLIS00000000000779120210324014947 a0010-0520007791210324 | | |  a0906590686 aind a302.2 a302.2/SIS/k0 aYuanna Sisilia1 aKonstruksi citra politisi selebriti yang demokratis sebagai daya tarik motivasi (motivational appeal) dalam strategi pemasaran politik (analisis semiotika komik Putih Abu-Abu Pemilu. (Tesis) aJakarta :bUniversitas Indonesia,c2011 axiii, 150 hlm; 21,5 cm ;c21,5 cm aPenelitian ini bertujuan untuk mengupas penggunaan daya tarik motivasi sebagai bentuk komunikasi persuasif yang dapat mengkontruksi citra politisi selebriti yang demokratis, dengan untit analisis yaitu komik berjudul “Putih Abu abu Pemilu” sebuah komik politik yang didedikasi oleh Nurul Arifin, calon legislator nomor urut satu partai Golongan Karya pada daerah pemilihan umum tahun 2009, kepada para pemilih pemula (usia 17-21 tahun). Pembahasan terlebih dahulu menampilkan potongan-potongan panel dari komik putih abu abu pemilu yang kental dengan nuansa politik dan situasi kondisi masa pemilihan umum 2009. 4aPemasaran politik; Komik; Semiotika; Pierce; Konstruksi Citra; Politisi Selebriti 4aPolitical marketing; Comic; Semiotic; Pierce; Image Building; Celebrity Politician a23940/MKRI-P/II-2015